[Event "Charlesbourg Festival 2"]
[Site "Charlesbourg CAN"]
[Date "2007.07.30"]
[Round "2"]
[White "Boulianne, Gabriel"]
[Black "Nadeau, Sebastien"]
[Result "0-1"]
[WhiteElo "1506"]
[BlackElo "1731"]
[PlyCount "118"]
[GameId "2160767910580186"]
[EventDate "2007.07.23"]
[EventType "swiss"]
[EventRounds "5"]
[EventCountry "CAN"]
[SourceTitle "EXT 2022"]
[Source "ChessBase"]
[SourceDate "2021.10.06"]
[SourceVersion "1"]
[SourceVersionDate "2021.10.06"]
[SourceQuality "1"]

1. d4 Nf6 2. c4 e6 3. Nf3 c5 4. d5 d6 5. Nc3 g6 6. e4 Bg7 7. Bd3 O-O 8. O-O exd5 9. cxd5 a6 10. a4 Re8 11. Bg5 h6 12. Bh4 Nbd7 13. Nd2 Ne5 14. Qc2 Nxd3 15. Qxd3 g5 16. Bg3 Nh5 17. Nc4 Nxg3 18. hxg3 Bg4 19. f3 Bh5 20. g4 Bg6 21. Ne2 b6 22. Ng3 Qc7 23. Nf5 Bxf5 24. gxf5 b5 25. Ne3 c4 26. Qc2 Bd4 27. Rfe1 Qb6 28. Qd2 Rac8 29. Rad1 Be5 30. Rc1 b4 31. a5 c3 32. bxc3 bxc3 33. Qe2 Qxa5 34. Ra1 Qb5 35. Rxa6 Qxe2 36. Rxe2 Bd4 37. Rc6 c2 38. Rexc2 Bxe3+ 39. Kf1 Bc5 40. Rxc8 Rxc8 41. g4 Ra8 42. Rc3 Ra3 43. Rxa3 Bxa3 44. Ke2 Kf8 45. Kd3 Ke7 46. Kc4 Kd7 47. Kb5 Kc7 48. Ka6 Bb2 49. Kb5 Kb7 50. Ka5 Bc3+ 51. Kb5 f6 52. Kc4 Ba5 53. Kb5 Bd2 54. Kc4 Kb6 55. Kd3 Bb4 56. Kc4 Bc5 57. e5 dxe5 58. d6 Kc6 59. d7 Be7 0-1

[Event "Charlesbourg Festival 2"]
[Site "Charlesbourg CAN"]
[Date "2007.07.30"]
[Round "2"]
[White "Lapointe, Daniel"]
[Black "Glode, Martin"]
[Result "0-1"]
[WhiteElo "1424"]
[BlackElo "1807"]
[PlyCount "100"]
[GameId "2160767910580187"]
[EventDate "2007.07.23"]
[EventType "swiss"]
[EventRounds "5"]
[EventCountry "CAN"]
[SourceTitle "EXT 2022"]
[Source "ChessBase"]
[SourceDate "2021.10.06"]
[SourceVersion "1"]
[SourceVersionDate "2021.10.06"]
[SourceQuality "1"]

1. e4 c6 2. d4 g6 3. Nf3 Bg7 4. c3 d6 5. Bc4 Nf6 6. e5 dxe5 7. Nxe5 O-O 8. Qe2 Nd5 9. O-O Nd7 10. f4 Qb6 11. Qf2 N7f6 12. Nd2 Bf5 13. Re1 Rac8 14. h3 h5 15. Bd3 Bxd3 16. Nxd3 e6 17. Nb3 Rfd8 18. Ne5 Qc7 19. Qc2 Ne7 20. Be3 Nf5 21. Bf2 Nd7 22. Qe2 Nxe5 23. fxe5 Qe7 24. Nc5 Rc7 25. Ne4 b6 26. g4 hxg4 27. hxg4 Nh6 28. Qf3 c5 29. Kg2 cxd4 30. cxd4 Rc2 31. Re2 Rxe2 32. Qxe2 Qb4 33. Rh1 Rxd4 34. Bxd4 Qxd4 35. Nf6+ Bxf6 36. Rxh6 Bxe5 37. b3 Qf4 38. Rh3 Kg7 39. a4 Qd4 40. Re3 Bf6 41. Qf3 Qd2+ 42. Kh3 Qc1 43. Rd3 Qe1 44. Rd7 Qh4+ 45. Kg2 a5 46. Rb7 Qg5 47. Rxb6 Qd2+ 48. Qf2 Qxf2+ 49. Kxf2 Bd4+ 50. Kf3 Bxb6 0-1

[Event "Charlesbourg Festival 2"]
[Site "Charlesbourg CAN"]
[Date "2007.07.30"]
[Round "2"]
[White "Sauve, Richard"]
[Black "Bernatchez, Dan"]
[Result "1/2-1/2"]
[WhiteElo "2023"]
[BlackElo "1751"]
[PlyCount "46"]
[GameId "2160767910580188"]
[EventDate "2007.07.23"]
[EventType "swiss"]
[EventRounds "5"]
[EventCountry "CAN"]
[SourceTitle "EXT 2022"]
[Source "ChessBase"]
[SourceDate "2021.10.06"]
[SourceVersion "1"]
[SourceVersionDate "2021.10.06"]
[SourceQuality "1"]

1. d4 Nf6 2. c4 e6 3. Nc3 Bb4 4. Qc2 O-O 5. Bg5 h6 6. Bh4 g5 7. Bg3 d5 8. e3 Ne4 9. Nf3 Bxc3+ 10. bxc3 c5 11. Bd3 f5 12. cxd5 exd5 13. Bxb8 Rxb8 14. Ne5 cxd4 15. exd4 Qa5 16. O-O Be6 17. Bxe4 fxe4 18. c4 dxc4 19. Qxe4 Bf5 20. Qe2 Qd5 21. Nxc4 Rbe8 22. Ne3 Qxd4 23. Rfd1 Qf6 1/2-1/2

[Event "Charlesbourg Festival 2"]
[Site "Charlesbourg CAN"]
[Date "2007.07.30"]
[Round "2"]
[White "Servant, Michel"]
[Black "Lapierre, Gaetan"]
[Result "1-0"]
[WhiteElo "1677"]
[BlackElo "1902"]
[PlyCount "99"]
[GameId "2160767910580189"]
[EventDate "2007.07.23"]
[EventType "swiss"]
[EventRounds "5"]
[EventCountry "CAN"]
[SourceTitle "EXT 2022"]
[Source "ChessBase"]
[SourceDate "2021.10.06"]
[SourceVersion "1"]
[SourceVersionDate "2021.10.06"]
[SourceQuality "1"]

1. c4 Nf6 2. g3 g6 3. Bg2 Bg7 4. Nf3 d6 5. d4 Nbd7 6. Nc3 O-O 7. O-O e5 8. Bg5 h6 9. dxe5 dxe5 10. Be3 c6 11. h3 Qe7 12. a3 a5 13. Nd2 Nc5 14. b4 axb4 15. axb4 Rxa1 16. Qxa1 Ne6 17. c5 Nd4 18. Nc4 Nc2 19. Qa5 Nxe3 20. fxe3 Nh5 21. Kh2 e4 22. Nxe4 f5 23. Ned6 Be5 24. Nxe5 Qxe5 25. Rf3 g5 26. Nxc8 Rxc8 27. Qa2+ Kg7 28. Qc2 Kg6 29. Rxf5 Qxg3+ 30. Kh1 Kg7 31. Qc3+ Kg8 32. Qc4+ Kh8 33. Qd4+ Ng7 34. Rf7 Rg8 35. Qf6 Qh4 36. Rxb7 Qh5 37. e4 g4 38. h4 Kh7 39. e5 Qg6 40. Bxc6 h5 41. Kg2 Qc2 42. Kf2 g3+ 43. Kxg3 Qxe2 44. Bf3 Qe1+ 45. Kh2 Qd2+ 46. Bg2 Qd4 47. c6 Qg4 48. c7 Qc8 49. Be4+ Nf5 50. Bxf5+ 1-0

[Event "Charlesbourg Festival 2"]
[Site "Charlesbourg CAN"]
[Date "2007.08.06"]
[Round "3"]
[White "Arteau, Benoit"]
[Black "Nadeau, Sebastien"]
[Result "1/2-1/2"]
[WhiteElo "1911"]
[BlackElo "1761"]
[PlyCount "64"]
[GameId "2160767910580190"]
[EventDate "2007.07.23"]
[EventType "swiss"]
[EventRounds "5"]
[EventCountry "CAN"]
[SourceTitle "EXT 2022"]
[Source "ChessBase"]
[SourceDate "2021.10.06"]
[SourceVersion "1"]
[SourceVersionDate "2021.10.06"]
[SourceQuality "1"]

1. d4 Nf6 2. c4 e6 3. Nc3 d5 4. Nf3 Bb4 5. e3 c5 6. a3 Bxc3+ 7. bxc3 O-O 8. Rb1 Nc6 9. Bd3 Qc7 10. O-O b6 11. cxd5 exd5 12. dxc5 bxc5 13. c4 dxc4 14. Bxc4 Bg4 15. Bb2 Rfd8 16. Qe2 Nd5 17. Rfd1 Nb6 18. Bd3 h6 19. Rbc1 Rd5 20. Be4 Rxd1+ 21. Qxd1 Rd8 22. Qc2 Bxf3 23. Bxf3 c4 24. Qe4 Ne7 25. Qg4 Ng6 26. h4 Ne5 27. Qg3 Nxf3+ 28. Qxf3 Rd3 29. Qe4 Qd7 30. Bd4 Rxa3 31. Bxb6 axb6 32. Qxc4 Rd3 1/2-1/2

[Event "Charlesbourg Festival 2"]
[Site "Charlesbourg CAN"]
[Date "2007.08.06"]
[Round "3"]
[White "Glode, Martin"]
[Black "Beaudoin, Stephane"]
[Result "0-1"]
[WhiteElo "1807"]
[BlackElo "2149"]
[PlyCount "44"]
[GameId "2160767910580191"]
[EventDate "2007.07.23"]
[EventType "swiss"]
[EventRounds "5"]
[EventCountry "CAN"]
[SourceTitle "EXT 2022"]
[Source "ChessBase"]
[SourceDate "2021.10.06"]
[SourceVersion "1"]
[SourceVersionDate "2021.10.06"]
[SourceQuality "1"]

1. e4 g6 2. d4 Bg7 3. Nf3 d6 4. c3 b6 5. Bd3 Nd7 6. O-O e5 7. dxe5 dxe5 8. Qc2 Ngf6 9. h3 O-O 10. Be3 Qe7 11. Nbd2 Nc5 12. Bc4 Bb7 13. Bg5 h6 14. Bxf6 Qxf6 15. Rad1 Rad8 16. Nh2 h5 17. Rfe1 Bh6 18. Nhf1 Rd6 19. b4 Ne6 20. Bxe6 Qxe6 21. Ne3 Bxe3 22. Rxe3 Rfd8 0-1

[Event "Charlesbourg Festival 2"]
[Site "Charlesbourg CAN"]
[Date "2007.08.06"]
[Round "3"]
[White "Lessard, Claude"]
[Black "Servant, Michel"]
[Result "1-0"]
[WhiteElo "2015"]
[BlackElo "1677"]
[PlyCount "39"]
[GameId "2160767910580192"]
[EventDate "2007.07.23"]
[EventType "swiss"]
[EventRounds "5"]
[EventCountry "CAN"]
[SourceTitle "EXT 2022"]
[Source "ChessBase"]
[SourceDate "2021.10.06"]
[SourceVersion "1"]
[SourceVersionDate "2021.10.06"]
[SourceQuality "1"]

1. d4 d5 2. c4 c6 3. Nf3 Nf6 4. e3 e6 5. Qc2 Nbd7 6. Nc3 dxc4 7. Bxc4 b5 8. Bd3 Bb7 9. O-O Rc8 10. Qe2 b4 11. Na4 Qa5 12. b3 Be7 13. e4 O-O 14. Bg5 c5 15. e5 Nd5 16. Qe4 f5 17. exf6 N7xf6 18. Bxf6 Rxf6 19. Qxh7+ Kf8 20. Qh8+ 1-0

[Event "Charlesbourg Festival 2"]
[Site "Charlesbourg CAN"]
[Date "2007.08.06"]
[Round "3"]
[White "Robitaille, Denis"]
[Black "Sauve, Richard"]
[Result "0-1"]
[WhiteElo "1839"]
[BlackElo "2023"]
[PlyCount "60"]
[GameId "2160767910580193"]
[EventDate "2007.07.23"]
[EventType "swiss"]
[EventRounds "5"]
[EventCountry "CAN"]
[SourceTitle "EXT 2022"]
[Source "ChessBase"]
[SourceDate "2021.10.06"]
[SourceVersion "1"]
[SourceVersionDate "2021.10.06"]
[SourceQuality "1"]

1. b3 e6 2. Bb2 d5 3. f4 Nf6 4. e3 Be7 5. Nf3 O-O 6. Be2 c5 7. O-O Nc6 8. Qe1 Bd7 9. d3 Qb6 10. Kh1 Rfd8 11. Ne5 Be8 12. Nd2 Nd7 13. Nxc6 Qxc6 14. e4 Bf6 15. e5 Be7 16. Bf3 Nf8 17. Nc4 Qc7 18. Ne3 d4 19. Ng4 Bc6 20. Bc1 Ng6 21. Bxc6 Qxc6 22. Qg3 b5 23. f5 exf5 24. Rxf5 Qe6 25. Rh5 Rd5 26. Bf4 f5 27. exf6 Rxh5 28. Re1 Qf5 29. Rxe7 Qxf4 30. f7+ Kf8 0-1

[Event "Charlesbourg Festival 2"]
[Site "Charlesbourg CAN"]
[Date "2007.08.13"]
[Round "4"]
[White "Arteau, Benoit"]
[Black "Bernatchez, Dan"]
[Result "0-1"]
[WhiteElo "1911"]
[BlackElo "1751"]
[PlyCount "80"]
[GameId "2160767910580194"]
[EventDate "2007.07.23"]
[EventType "swiss"]
[EventRounds "5"]
[EventCountry "CAN"]
[SourceTitle "EXT 2022"]
[Source "ChessBase"]
[SourceDate "2021.10.06"]
[SourceVersion "1"]
[SourceVersionDate "2021.10.06"]
[SourceQuality "1"]

1. d4 Nf6 2. c4 e6 3. Nc3 Bb4 4. Qc2 O-O 5. Nf3 d5 6. e3 Ne4 7. Bd3 f5 8. Bd2 c5 9. O-O Nc6 10. a3 Nxd2 11. Qxd2 cxd4 12. axb4 dxc4 13. Bxc4 dxc3 14. Qxd8 Rxd8 15. bxc3 b6 16. Ng5 Re8 17. Bb5 Bb7 18. Rfd1 h6 19. Nf3 Red8 20. Bc4 Kf7 21. Kf1 Kf6 22. Rxd8 Rxd8 23. Ke2 e5 24. Bb5 a5 25. Bxc6 Bxc6 26. bxa5 Ra8 27. a6 Rxa6 28. Rxa6 Bb5+ 29. Kd2 Bxa6 30. Ne1 Ke6 31. Nd3 g5 32. Nb2 Bf1 33. g3 b5 34. Nd3 Bxd3 35. Kxd3 Kd5 36. f3 e4+ 37. fxe4+ fxe4+ 38. Kd2 g4 39. Kc1 Kc4 40. Kb2 Kd3 0-1

[Event "Charlesbourg Festival 2"]
[Site "Charlesbourg CAN"]
[Date "2007.08.13"]
[Round "4"]
[White "Beaudoin, Stephane"]
[Black "Sauve, Richard"]
[Result "1-0"]
[WhiteElo "2149"]
[BlackElo "2023"]
[PlyCount "105"]
[GameId "2160767910580195"]
[EventDate "2007.07.23"]
[EventType "swiss"]
[EventRounds "5"]
[EventCountry "CAN"]
[SourceTitle "EXT 2022"]
[Source "ChessBase"]
[SourceDate "2021.10.06"]
[SourceVersion "1"]
[SourceVersionDate "2021.10.06"]
[SourceQuality "1"]

1. e4 e6 2. d4 d5 3. Nd2 Nf6 4. e5 Nfd7 5. Bd3 c5 6. c3 Nc6 7. Ne2 cxd4 8. cxd4 f6 9. exf6 Nxf6 10. O-O Bd6 11. Nf3 O-O 12. Nc3 Bd7 13. a3 Rc8 14. Re1 a6 15. Ne2 Qc7 16. Ng3 Rce8 17. Be3 Kh8 18. Rc1 Qb8 19. Bb1 Ne7 20. Bg5 Rc8 21. Rxc8 Qxc8 22. Ne5 Nf5 23. Nxf5 exf5 24. Bxf6 Rxf6 25. Qd2 Rf8 26. f4 Be8 27. Ba2 Bc6 28. Qf2 Qd8 29. Qf3 g6 30. Qc3 Qb6 31. g3 Kg7 32. Nd3 Qd8 33. Ne5 Qb6 34. Nd3 Qd8 35. Nc5 Bxc5 36. dxc5+ Qf6 37. Re7+ Rf7 38. Qxf6+ Kxf6 39. Rxf7+ Kxf7 40. Kf2 b6 41. cxb6 Ke7 42. Ke3 Kd6 43. Kd4 Bb7 44. b4 Bc6 45. Bb3 h6 46. h4 h5 47. Bc2 Bb7 48. Bb3 Bc6 49. a4 Bb7 50. a5 Bc6 51. Bc2 Bb7 52. Ba4 Ke7 53. b5 1-0

[Event "Charlesbourg Festival 2"]
[Site "Charlesbourg CAN"]
[Date "2007.08.13"]
[Round "4"]
[White "Cournoyer, Dominic"]
[Black "Lapierre, Gaetan"]
[Result "1-0"]
[WhiteElo "1769"]
[BlackElo "1902"]
[PlyCount "61"]
[GameId "2160767910580196"]
[EventDate "2007.07.23"]
[EventType "swiss"]
[EventRounds "5"]
[EventCountry "CAN"]
[SourceTitle "EXT 2022"]
[Source "ChessBase"]
[SourceDate "2021.10.06"]
[SourceVersion "1"]
[SourceVersionDate "2021.10.06"]
[SourceQuality "1"]

1. c4 Nf6 2. Nc3 g6 3. g3 c5 4. Bg2 Bg7 5. Nf3 Nc6 6. O-O e5 7. d3 d6 8. Rb1 O-O 9. Nd2 Ne8 10. a3 f5 11. Nd5 g5 12. b4 Nf6 13. bxc5 dxc5 14. Nb3 Nd7 15. Be3 Nd4 16. Bd2 Rb8 17. Nxd4 exd4 18. Qa4 a6 19. Rb2 f4 20. gxf4 gxf4 21. Nxf4 Qh4 22. Ne6 Ne5 23. Nxf8 Bh3 24. Bxh3 Qxh3 25. Bf4 Rxf8 26. Bg3 Ng4 27. Qd7 Be5 28. Qe6+ Rf7 29. Bxe5 Nxf2 30. Qxh3 Nxh3+ 31. Kg2 1-0

[Event "Charlesbourg Festival 2"]
[Site "Charlesbourg CAN"]
[Date "2007.08.13"]
[Round "4"]
[White "Nadeau, Sebastien"]
[Black "Glode, Martin"]
[Result "1/2-1/2"]
[WhiteElo "1761"]
[BlackElo "1807"]
[PlyCount "65"]
[GameId "2160767910580197"]
[EventDate "2007.07.23"]
[EventType "swiss"]
[EventRounds "5"]
[EventCountry "CAN"]
[SourceTitle "EXT 2022"]
[Source "ChessBase"]
[SourceDate "2021.10.06"]
[SourceVersion "1"]
[SourceVersionDate "2021.10.06"]
[SourceQuality "1"]

1. Nf3 Nf6 2. d4 d5 3. c4 c6 4. Nc3 a6 5. e3 b5 6. b3 Bg4 7. Bd3 e6 8. Qc2 Nbd7 9. Bd2 Bd6 10. e4 e5 11. Ne2 Rc8 12. Rd1 dxe4 13. Bxe4 Nxe4 14. Qxe4 f5 15. Qe3 Qe7 16. dxe5 Nxe5 17. Nxe5 Qxe5 18. f3 Bh5 19. Qxe5+ Bxe5 20. Bf4 Bf6 21. Ng3 Bg6 22. Kf2 Rd8 23. Rhe1+ Kf7 24. Bc7 Rxd1 25. Rxd1 Be7 26. Bb6 Ke6 27. Ne2 Be8 28. cxb5 cxb5 29. Nf4+ Kf7 30. Nd5 Bc6 31. Nxe7 Kxe7 32. Bc5+ Kf7 33. Rd6 1/2-1/2

[Event "Charlesbourg Festival 2"]
[Site "Charlesbourg CAN"]
[Date "2007.08.20"]
[Round "5"]
[White "Bernatchez, Dan"]
[Black "Lessard, Claude"]
[Result "1-0"]
[WhiteElo "1751"]
[BlackElo "2015"]
[PlyCount "79"]
[GameId "2160767910580198"]
[EventDate "2007.07.23"]
[EventType "swiss"]
[EventRounds "5"]
[EventCountry "CAN"]
[SourceTitle "EXT 2022"]
[Source "ChessBase"]
[SourceDate "2021.10.06"]
[SourceVersion "1"]
[SourceVersionDate "2021.10.06"]
[SourceQuality "1"]

1. e4 c5 2. Nf3 Nc6 3. d4 cxd4 4. Nxd4 g6 5. Nc3 Bg7 6. Be3 Nf6 7. Be2 d6 8. O-O O-O 9. Nb3 Be6 10. f4 Rc8 11. Bf3 a6 12. Nd5 Bxd5 13. exd5 Na5 14. Nxa5 Qxa5 15. Bd4 Rc7 16. c3 Qb5 17. a4 Qd7 18. a5 Re8 19. Qd3 Kf8 20. Rae1 Ng8 21. Bxg7+ Kxg7 22. h4 Nf6 23. h5 gxh5 24. f5 Qa4 25. Qe3 Qxa5 26. Qg5+ Kh8 27. Rxe7 Rexe7 28. Qxf6+ Kg8 29. Qg5+ Kf8 30. f6 Qb6+ 31. Kh1 Re5 32. Qg7+ Ke8 33. Qg8+ Kd7 34. Qxf7+ Kd8 35. Qg8+ Re8 36. f7 Rxf7 37. Qxf7 Qxb2 38. Bxh5 Re5 39. Qf8+ Kc7 40. Rf7+ 1-0

[Event "Charlesbourg Festival 2"]
[Site "Charlesbourg CAN"]
[Date "2007.08.20"]
[Round "5"]
[White "Gaudreau, Eric"]
[Black "Arteau, Benoit"]
[Result "0-1"]
[WhiteElo "1634"]
[BlackElo "1911"]
[PlyCount "102"]
[GameId "2160767910580199"]
[EventDate "2007.07.23"]
[EventType "swiss"]
[EventRounds "5"]
[EventCountry "CAN"]
[SourceTitle "EXT 2022"]
[Source "ChessBase"]
[SourceDate "2021.10.06"]
[SourceVersion "1"]
[SourceVersionDate "2021.10.06"]
[SourceQuality "1"]

1. e4 c5 2. c3 Nf6 3. e5 Nd5 4. Nf3 Nc6 5. d4 cxd4 6. Bc4 Nb6 7. Bb3 dxc3 8. Nxc3 g6 9. O-O Bg7 10. Re1 O-O 11. a3 Qc7 12. Bf4 Na5 13. Nd5 Nxd5 14. Bxd5 Nc6 15. Rc1 e6 16. Ba2 f6 17. exf6 Qxf4 18. fxg7 Kxg7 19. Rc4 Qf6 20. Qd2 d5 21. Rc5 Bd7 22. Rec1 Rac8 23. b4 a6 24. b5 axb5 25. Rxb5 Nd8 26. Rxc8 Bxc8 27. h3 Bd7 28. Rb4 Bc6 29. Qd4 Qxd4 30. Nxd4 Rf7 31. Nxc6 Nxc6 32. Rb6 Kf6 33. Kf1 Ke5 34. f3 Kd6 35. Ke2 Kc7 36. Rb2 Rf4 37. Rd2 Rd4 38. Rc2 Ra4 39. Rc3 Kd6 40. Kd2 h6 41. Bb1 g5 42. Bd3 e5 43. Bb5 Rd4+ 44. Ke2 Rf4 45. Bxc6 bxc6 46. Rb3 Kc7 47. g3 Rc4 48. Kd2 Ra4 49. Kd3 c5 50. Kd2 c4 51. Rb5 Kc6 0-1

[Event "Charlesbourg Festival 2"]
[Site "Charlesbourg CAN"]
[Date "2007.08.20"]
[Round "5"]
[White "Robitaille, Denis"]
[Black "Nadeau, Sebastien"]
[Result "1/2-1/2"]
[WhiteElo "1839"]
[BlackElo "1761"]
[PlyCount "49"]
[GameId "2160767910580200"]
[EventDate "2007.07.23"]
[EventType "swiss"]
[EventRounds "5"]
[EventCountry "CAN"]
[SourceTitle "EXT 2022"]
[Source "ChessBase"]
[SourceDate "2021.10.06"]
[SourceVersion "1"]
[SourceVersionDate "2021.10.06"]
[SourceQuality "1"]

1. e4 c5 2. Nf3 d6 3. Bb5+ Nd7 4. c3 Ngf6 5. Qe2 a6 6. Ba4 b5 7. Bc2 Bb7 8. O-O g6 9. a4 Bg7 10. Re1 bxa4 11. d4 cxd4 12. cxd4 Rc8 13. Nc3 e6 14. Bxa4 O-O 15. Bg5 h6 16. Bh4 g5 17. Bg3 Nb6 18. Bb3 Nh5 19. e5 Nxg3 20. hxg3 Qe7 21. Qd3 Rfd8 22. Bc2 Nd5 23. Qh7+ Kf8 24. Nxd5 Bxd5 25. Rxa6 1/2-1/2

[Event "Charlesbourg Festival 2"]
[Site "Charlesbourg CAN"]
[Date "2007.08.20"]
[Round "5"]
[White "Sauve, Richard"]
[Black "Glode, Martin"]
[Result "1/2-1/2"]
[WhiteElo "2023"]
[BlackElo "1807"]
[PlyCount "94"]
[GameId "2160767910580201"]
[EventDate "2007.07.23"]
[EventType "swiss"]
[EventRounds "5"]
[EventCountry "CAN"]
[SourceTitle "EXT 2022"]
[Source "ChessBase"]
[SourceDate "2021.10.06"]
[SourceVersion "1"]
[SourceVersionDate "2021.10.06"]
[SourceQuality "1"]

1. d4 Nf6 2. c4 g6 3. Nc3 Bg7 4. e4 d6 5. f3 O-O 6. Be3 e5 7. Nge2 c6 8. Qd2 Re8 9. d5 cxd5 10. cxd5 a6 11. a4 Nbd7 12. Nc1 Nh5 13. Be2 f5 14. O-O f4 15. Bf2 Bf6 16. Kh1 Bh4 17. Qe1 Bxf2 18. Qxf2 Qg5 19. Rd1 Ng3+ 20. Kg1 h5 21. Nd3 h4 22. b4 Nh5 23. Kf1 Ndf6 24. Ke1 Bd7 25. Kd2 Rec8 26. Nb2 Rc7 27. Rdc1 Rac8 28. Qf1 Be8 29. Nc4 Rd8 30. Qf2 Nh7 31. Bf1 Qe7 32. b5 Rc5 33. bxa6 bxa6 34. a5 Rb8 35. Nb6 g5 36. Bxa6 Qc7 37. Nb5 Bxb5 38. Bxb5 Rxc1 39. Rxc1 Qa7 40. Ra1 N5f6 41. Ke1 Nf8 42. Bc6 Qa6 43. Ra2 Qd3 44. Qe2 Qb1+ 45. Kf2 Rxb6 46. axb6 Qxb6+ 47. Kf1 Qb1+ 1/2-1/2

[Event "Charlesbourg Keres"]
[Site "Charlesbourg CAN"]
[Date "2007.04.16"]
[Round "3"]
[White "Boulianne, Gabriel"]
[Black "Sirois, Eric"]
[Result "0-1"]
[WhiteElo "1454"]
[BlackElo "1660"]
[PlyCount "68"]
[GameId "2160767910701503"]
[EventDate "2007.04.??"]
[EventType "swiss"]
[EventRounds "5"]
[EventCountry "CAN"]
[SourceTitle "EXT 2022"]
[Source "ChessBase"]
[SourceDate "2021.10.06"]
[SourceVersion "1"]
[SourceVersionDate "2021.10.06"]
[SourceQuality "1"]

1. d4 Nf6 2. c4 e6 3. Nf3 b6 4. g3 Bb7 5. Bg2 Be7 6. Nc3 O-O 7. O-O d6 8. b4 Nbd7 9. Bb2 c5 10. b5 Rc8 11. d5 exd5 12. cxd5 Re8 13. Nd2 Ne5 14. f4 Ng6 15. e4 Bf8 16. Nc4 Rc7 17. Re1 Bc8 18. Nxd6 Bxd6 19. e5 Nxe5 20. fxe5 Bxe5 21. Rxe5 Rxe5 22. Ne4 Rxe4 23. Bxf6 Qxf6 24. Bxe4 Bg4 25. Qxg4 Qxa1+ 26. Kg2 Qe5 27. Qh4 g6 28. Qd8+ Kg7 29. Bf3 Qe7 30. Qb8 c4 31. Kh3 c3 32. Be4 c2 33. d6 Qxd6 34. Bxc2 Qe6+ 0-1

[Event "Charlesbourg Keres"]
[Site "Charlesbourg CAN"]
[Date "2007.04.16"]
[Round "3"]
[White "Cote, Jocelyn"]
[Black "Laflamme, Simon"]
[Result "0-1"]
[WhiteElo "1934"]
[BlackElo "1825"]
[PlyCount "86"]
[GameId "2160767910701504"]
[EventDate "2007.04.??"]
[EventType "swiss"]
[EventRounds "5"]
[EventCountry "CAN"]
[SourceTitle "EXT 2022"]
[Source "ChessBase"]
[SourceDate "2021.10.06"]
[SourceVersion "1"]
[SourceVersionDate "2021.10.06"]
[SourceQuality "1"]

1. e4 c5 2. Nf3 d6 3. d4 cxd4 4. Nxd4 Nf6 5. Nc3 a6 6. Bg5 e6 7. f4 Be7 8. Qf3 Qc7 9. O-O-O Nbd7 10. g4 O-O 11. h4 b5 12. Bg2 Bb7 13. Qe2 b4 14. Na4 Qa5 15. b3 Nc5 16. Kb1 Nxa4 17. bxa4 Qxa4 18. Rh3 Qd7 19. Rhd3 a5 20. e5 Nd5 21. Bxd5 Bxd5 22. Bxe7 Qxe7 23. exd6 Qxd6 24. Nf5 Qc7 25. Ne3 Bc6 26. Qf2 Rad8 27. Rxd8 Rxd8 28. Rxd8+ Qxd8 29. Nc4 a4 30. Qc5 Qd1+ 31. Kb2 a3+ 32. Nxa3 bxa3+ 33. Qxa3 Qd4+ 34. Kb1 Qxf4 35. Qa6 Qb4+ 36. Kc1 Qb7 37. Qd3 Qd7 38. Qa6 h6 39. Qb6 Qc8 40. a3 Ba4 41. Qb2 Qc4 42. Qb8+ Kh7 43. Qh2 Qxg4 0-1

[Event "Charlesbourg Keres"]
[Site "Charlesbourg CAN"]
[Date "2007.04.16"]
[Round "3"]
[White "Filiatreault, Michel"]
[Black "Bisson, Real"]
[Result "1-0"]
[WhiteElo "1869"]
[BlackElo "1680"]
[PlyCount "59"]
[GameId "2160767910701505"]
[EventDate "2007.04.??"]
[EventType "swiss"]
[EventRounds "5"]
[EventCountry "CAN"]
[SourceTitle "EXT 2022"]
[Source "ChessBase"]
[SourceDate "2021.10.06"]
[SourceVersion "1"]
[SourceVersionDate "2021.10.06"]
[SourceQuality "1"]

1. c4 Nf6 2. g3 g6 3. Bg2 Bg7 4. Nc3 c5 5. d3 Nc6 6. e4 d6 7. Nge2 e5 8. O-O O-O 9. h3 Be6 10. Kh2 a6 11. f4 Qc7 12. Nd5 Bxd5 13. exd5 Nd4 14. fxe5 dxe5 15. Nxd4 exd4 16. Qf3 Ne8 17. Bf4 Qd7 18. h4 Nd6 19. Rae1 Rae8 20. Bh3 f5 21. h5 Rxe1 22. Rxe1 Re8 23. Rxe8+ Nxe8 24. hxg6 hxg6 25. g4 Nf6 26. gxf5 gxf5 27. Be5 Ng4+ 28. Bxg4 fxg4 29. Qe4 Kf7 30. Kg3 1-0

[Event "Charlesbourg Keres"]
[Site "Charlesbourg CAN"]
[Date "2007.04.16"]
[Round "3"]
[White "Gagnon, Francois"]
[Black "Plante, Rejean"]
[Result "0-1"]
[WhiteElo "1715"]
[BlackElo "2068"]
[PlyCount "42"]
[GameId "2160767910701506"]
[EventDate "2007.04.??"]
[EventType "swiss"]
[EventRounds "5"]
[EventCountry "CAN"]
[SourceTitle "EXT 2022"]
[Source "ChessBase"]
[SourceDate "2021.10.06"]
[SourceVersion "1"]
[SourceVersionDate "2021.10.06"]
[SourceQuality "1"]

1. e4 c5 2. Nf3 e6 3. d4 cxd4 4. Nxd4 a6 5. Nc3 Qc7 6. Bd3 Nf6 7. Qe2 d6 8. f4 Nbd7 9. O-O b5 10. Kh1 Bb7 11. Bd2 b4 12. Na4 d5 13. e5 Ne4 14. f5 Qxe5 15. fxe6 fxe6 16. Nf3 Qh5 17. Bxe4 dxe4 18. Rad1 Bd6 19. Bg5 Bd5 20. Rxd5 exd5 21. Qe3 O-O 0-1

[Event "Charlesbourg Keres"]
[Site "Charlesbourg CAN"]
[Date "2007.04.16"]
[Round "3"]
[White "Lapierre, Gaetan"]
[Black "Bluteau, Yvon"]
[Result "1-0"]
[WhiteElo "1914"]
[BlackElo "1824"]
[PlyCount "89"]
[GameId "2160767910701507"]
[EventDate "2007.04.??"]
[EventType "swiss"]
[EventRounds "5"]
[EventCountry "CAN"]
[SourceTitle "EXT 2022"]
[Source "ChessBase"]
[SourceDate "2021.10.06"]
[SourceVersion "1"]
[SourceVersionDate "2021.10.06"]
[SourceQuality "1"]

1. e4 c5 2. Nc3 Nc6 3. g3 g6 4. Bg2 Bg7 5. d3 e5 6. Be3 d6 7. Qd2 Nge7 8. Nd5 O-O 9. h4 h5 10. c4 Be6 11. Ne2 Rb8 12. Nec3 Qd7 13. O-O Nd4 14. Bg5 Nxd5 15. cxd5 Bh3 16. Bh6 b5 17. Bxg7 Kxg7 18. Ne2 Nxe2+ 19. Qxe2 Bxg2 20. Kxg2 f5 21. f4 Rbe8 22. Qf3 fxe4 23. dxe4 a5 24. f5 Rf6 25. g4 hxg4 26. Qxg4 Rh8 27. Kh3 Rh6 28. Rg1 Qf7 29. h5 Kf8 30. fxg6 Rfxg6 31. Raf1 Rxg4 32. Rxf7+ Kxf7 33. Kxg4 Rf6 34. Kg5 Kg7 35. Rg2 c4 36. a4 bxa4 37. Rc2 Rf1 38. Rxc4 Rg1+ 39. Kf5 Rg2 40. Rxa4 Rxb2 41. Rxa5 Rb4 42. Ra6 Kh6 43. Rxd6+ Kxh5 44. Rd8 Kh6 45. Rg8 1-0